| 000 | 01125cam a2200229 4500 | ||
|---|---|---|---|
| 001 | WB4015-07 | ||
| 008 | 040420n2004 000 0 eng u | ||
| 035 | _a(Sirsi) u125886 | ||
| 245 | _aUK mall development grows | ||
| 260 | _c2004 | ||
| 490 |
_aRetail Property _v 16 April 2004, 29(1) |
||
| 520 | _aShopping centre development in the UK is improving after a slump in the first two quarters of 2003, according to CB Richard Ellis. Shopping centre space in the pipeline at the end of 2003 totalled 59m sq ft (5.5m sq m) and retail park space in the pipeline totalled 29m sq ft (2.7m sq m). CBRE forecasts completions of new shopping centre projects will remain in line with the medium term averages of 5.5. million sq ft a year for shopping centres and 3.3 million sq ft a year out of town. CBRE website at www.cbre.co.uk. | ||
| 590 | _aWB | ||
| 590 | _aWB | ||
| 650 | _aSHOPPING CENTRE DEVELOPMENT | ||
| 650 | _aSHOPPING CENTRES IN THE PIPELINE | ||
| 650 | _aRETAIL PROPERTY | ||
| 650 | _aOUT OF TOWN DEVELOPMENT | ||
| 650 | _aTOWN CENTRE DEVELOPMENTS | ||
| 690 | _aCOMMERCIAL PROPERTY-RETAIL | ||
| 942 | _n0 | ||
| 999 |
_c117217 _d117217 |
||